00630nam a2200181Ia 4500003000900000008004100009040001600050080001500066100003100081245010600112260003400218300001600252650002800268650002000296942000700316999001300323952011200336IN-BaIIA211028s9999 xx 000 0 eng d cIIA Library a517.3bWIL aWilliamson, Benjamin91715 3aAn elementary treatise on the integral calculuscBenjamin Williamson  aLondonbLongmans, Greenc1938 axvii, 520p. aIntegral Calculus91716 aMathematics982 cBK c796d796 00104070aBANbKODcGENd0000-00-00g8.75l0o517.3/ WILp822r2021-11-05v8.75w0000-00-00yBKGRs. 8.75